[Event "Tambov Korensky Memorial 29th"]
[Site "Tambov"]
[Date "2020.09.02"]
[Round "5"]
[White "Pishchalnikov, Roman A"]
[Black "Gorelov, Viktor N"]
[Result "1/2-1/2"]
[WhiteElo "1833"]
[BlackElo "1784"]
[PlyCount "44"]
[EventDate "2020.08.29"]
[EventType "swiss"]
[EventRounds "9"]
[EventCountry "RUS"]
[SourceTitle "EXT 2021"]
[Source "ChessBase"]
[SourceDate "2020.10.23"]
[SourceVersion "1"]
[SourceVersionDate "2020.10.23"]
[SourceQuality "1"]

1. d4 d5 2. Nf3 Nf6 3. Bf4 e6 4. e3 Bd6 5. Bxd6 Qxd6 6. Nbd2 0-0 7. Bd3 b6 8. 0-0 c5 9. c4 Bb7 10. Rc1 Nbd7 11. Qe2 Rac8 12. Rfd1 Qb8 13. e4 dxe4 14. Bxe4 Nxe4 15. Nxe4 Bxe4 16. Qxe4 Nf6 17. Qe5 Qb7 18. dxc5 Rxc5 19. Qd6 Qe4 20. Rd4 Qe2 21. Rd2 Qe4 22. Rd4 Qe2 1/2-1/2

[Event "Tambov Region-ch"]
[Site "Tambov"]
[Date "2019.11.02"]
[Round "8"]
[White "Gorelov, Viktor N"]
[Black "Popov, Tikhon1111"]
[Result "0-1"]
[WhiteElo "1814"]
[BlackElo "1608"]
[PlyCount "84"]
[EventDate "2019.10.30"]
[EventType "tourn"]
[EventRounds "9"]
[EventCountry "RUS"]
[SourceTitle "CBM 192 Extra"]
[Source "Chessbase"]
[SourceDate "2019.11.06"]
[SourceVersion "1"]
[SourceVersionDate "2019.11.06"]
[SourceQuality "1"]

1. d4 Nf6 2. c4 g6 3. Nf3 Bg7 4. Nc3 0-0 5. e4 d6 6. Be2 e5 7. 0-0 Nc6 8. Bg5 h6 9. dxe5 Nxe5 10. Bxf6 Bxf6 11. Qc2 Nxf3+ 12. Bxf3 c6 13. Rad1 Qe7 14. Rd3 Be6 15. b3 Rfd8 16. Ne2 Be5 17. Qd2 Qg5 18. Qxg5 hxg5 19. g4 Kg7 20. h3 a5 21. a4 Rab8 22. Rfd1 Rh8 23. Bg2 b5 24. cxb5 cxb5 25. axb5 Rxb5 26. Nd4 Bxd4 27. Rxd4 Bxb3 28. Ra1 Rd8 29. Bf1 Rc5 30. Be2 a4 31. Bd1 Bxd1 32. Raxd1 Ra8 33. Rxd6 a3 34. Ra1 Rc2 35. Kg2 a2 36. Rdd1 Ra3 37. Re1 Kf6 38. e5+ Ke6 39. Red1 Kxe5 40. Re1+ Kf4 41. Re7 f5 42. Rd1 a1Q 0-1

[Event "Tambov Region-ch"]
[Site "Tambov"]
[Date "2018.02.21"]
[Round "2"]
[White "Gorelov, Viktor N"]
[Black "Pchelin, Vladislav N"]
[Result "1-0"]
[WhiteElo "1915"]
[BlackElo "1544"]
[PlyCount "51"]
[EventDate "2018.02.21"]
[EventType "swiss"]
[EventRounds "9"]
[EventCountry "RUS"]
[SourceTitle "CBM 183 Extra"]
[Source "ChessBase"]
[SourceDate "2018.04.19"]
[SourceVersion "1"]
[SourceVersionDate "2018.04.19"]
[SourceQuality "1"]

1. e4 e6 2. d4 Nf6 3. e5 Nd5 4. c4 Bb4+ 5. Bd2 Bxd2+ 6. Qxd2 Ne7 7. Bd3 Nbc6 8. Ne2 Nf5 9. Bxf5 exf5 10. 0-0 d6 11. exd6 Qxd6 12. Re1 0-0 13. d5 Ne5 14. b3 Qg6 15. Nd4 c5 16. Rxe5 cxd4 17. f4 Bd7 18. Qxd4 Rfe8 19. Nd2 Qg4 20. Nf3 Rad8 21. Rae1 f6 22. Rxe8+ Bxe8 23. Re7 Bh5 24. d6 Qg6 25. Qd5+ Kf8 26. Nd4 1-0

[Event "Tambov Region-ch"]
[Site "Tambov"]
[Date "2016.03.04"]
[Round "5"]
[White "Uryupin, Igor Nikolaevich"]
[Black "Gorelov, Viktor N"]
[Result "1-0"]
[WhiteElo "2222"]
[BlackElo "1757"]
[PlyCount "63"]
[EventDate "2016.03.02"]
[EventType "swiss"]
[EventRounds "9"]
[EventCountry "RUS"]
[SourceTitle "CBM 171 Extra"]
[Source "ChessBase"]
[SourceDate "2016.04.26"]
[SourceVersion "1"]
[SourceVersionDate "2016.04.26"]
[SourceQuality "1"]

1. c4 e5 2. g3 Nf6 3. Bg2 Nc6 4. Nc3 Be7 5. Nf3 0-0 6. 0-0 d6 7. d3 h6 8. Rb1 Rb8 9. b4 a6 10. a4 Nd4 11. Nd2 c6 12. e3 Ne6 13. b5 axb5 14. axb5 Bd7 15. Qc2 Ng5 16. f4 exf4 17. gxf4 Ngh7 18. Kh1 Qc8 19. Nf3 Bh3 20. Rg1 Kh8 21. bxc6 Bxg2+ 22. Qxg2 Rg8 23. cxb7 Rxb7 24. Ne5 dxe5 25. Rxb7 Bd6 26. Rxf7 exf4 27. Rxg7 Qf8 28. Rxg8+ Nxg8 29. exf4 Bc5 30. Qxg8+ Qxg8 31. Rxg8+ Kxg8 32. Kg2 1-0